000 003260000a22001450004500
005 20120302065212.0
942 _cBOOK
100 _a Punja, Shobita
245 _a Muserums of India
260 _aHong Kong:The GuideBook Co.Pvt.Ltd.
300 _a307p..-ill
040 _aEng
365 _b/-
650 _aIllustrated Guide
999 _c364164
_d364161